[Event "LSS ZN-2022-0-04417"]
[Site "LSS email"]
[Date "2022.08.02"]
[Round "?"]
[White "Tobey, Al"]
[Black "Simmons, Ernest"]
[Result "1-0"]
[WhiteElo "522"]
[BlackElo "583"]
[PlyCount "103"]
[EventDate "2022.08.01"]
[EventType "match (corr)"]
[EventRounds "2"]
[EventCountry "GER"]
[SourceTitle "Corr 2024"]
[Source "ChessBase"]
[SourceDate "2023.10.19"]
[SourceVersion "1"]
[SourceVersionDate "2023.10.19"]
[SourceQuality "1"]

1. e4 e6 2. Nf3 d5 3. e5 Nc6 4. d4 g6 5. Be2 Bg7 6. 0-0 Nge7 7. Bd2 0-0 8. Bg5 Qd7 9. Bd2 Nf5 10. c3 a6 11. Na3 Qe8 12. Nc2 Qd8 13. b4 b5 14. Bf4 Bb7 15. Ng5 h6 16. Nf3 g5 17. Bd2 Qd7 18. a4 Qe7 19. g3 Qd8 20. Nfe1 Nce7 21. Nd3 c6 22. Nc5 Bc8 23. f4 Qc7 24. axb5 Qb6 25. bxa6 Ra7 26. Na3 Bh8 27. b5 Rd8 28. Nb3 Qb8 29. c4 Re8 30. c5 Bd7 31. b6 Ra8 32. Na5 Nxd4 33. Bh5 Ng6 34. Bc3 Nb5 35. Bb4 Rxa6 36. Nc2 Kh7 37. Ne3 Rd8 38. fxg5 Be8 39. Ng4 Nxe5 40. Nf6+ Bxf6 41. Rxf6 hxg5 42. Qc2+ Kg7 43. Rff1 Kh6 44. Be2 Nd4 45. Qd2 Nxe2+ 46. Kg2 Nxg3 47. Rf6+ Ng6 48. hxg3 Qe5 49. Bc3 Qe4+ 50. Kg1 Kg7 51. Qxg5 Qd3 52. Rf3+ 1-0

[Event "LSS ZN-2022-0-04416"]
[Site "LSS email"]
[Date "2022.07.31"]
[Round "?"]
[White "Simmons, Ernest"]
[Black "Ortiz Becerra, Juan Guillermo"]
[Result "1-0"]
[WhiteElo "573"]
[BlackElo "590"]
[PlyCount "85"]
[EventDate "2022.07.28"]
[EventType "match (corr)"]
[EventRounds "2"]
[EventCountry "GER"]
[SourceTitle "Corr 2024"]
[Source "ChessBase"]
[SourceDate "2023.10.19"]
[SourceVersion "1"]
[SourceVersionDate "2023.10.19"]
[SourceQuality "1"]

1. d4 d5 2. c4 Bf5 3. Nc3 e6 4. e3 Nf6 5. Nf3 Bb4 6. Bd2 0-0 7. Be2 Ne4 8. 0-0 Nxd2 9. Qxd2 Nc6 10. c5 Be4 11. a3 Bxc3 12. Qxc3 Qf6 13. Nd2 Ne7 14. Bf3 Bxf3 15. Nxf3 Nf5 16. Rfd1 c6 17. Ne5 Rfd8 18. Rf1 Qg5 19. Nf3 Qg6 20. Ne5 Qh5 21. Nf3 Nh4 22. Nxh4 Qxh4 23. h3 Rf8 24. Qb4 Rab8 25. Qd2 b6 26. Kh2 f5 27. g3 Qg5 28. f4 Qh5 29. Rac1 Rf6 30. Qd1 Qxd1 31. Rcxd1 Rh6 32. b4 bxc5 33. dxc5 Rb5 34. Rd4 a5 35. Rb1 axb4 36. axb4 Kf7 37. h4 Kf6 38. Kh3 e5 39. Rd2 exf4 40. exf4 Rg6 41. Rd4 Rg4 42. Ra1 Kg6 43. Ra6 1-0

[Event "LSS ZN-2022-0-04396"]
[Site "LSS email"]
[Date "2022.05.20"]
[Round "?"]
[White "Simmons, Ernest"]
[Black "Newton, Daryl"]
[Result "1-0"]
[WhiteElo "583"]
[BlackElo "485"]
[PlyCount "95"]
[EventDate "2022.04.21"]
[EventType "match (corr)"]
[EventRounds "2"]
[EventCountry "GER"]
[SourceTitle "Corr 2024"]
[Source "ChessBase"]
[SourceDate "2023.10.19"]
[SourceVersion "1"]
[SourceVersionDate "2023.10.19"]
[SourceQuality "1"]

1. d4 d5 2. c4 e6 3. Nc3 c5 4. e3 Be7 5. Nf3 dxc4 6. Bxc4 Nf6 7. 0-0 cxd4 8. Qxd4 0-0 9. Qxd8 Rxd8 10. h3 Rd6 11. Nb5 Rc6 12. b3 Bd7 13. Ne5 Rc5 14. Nd3 Rg5 15. Nc7 Bd6 16. Nxa8 Bc6 17. e4 Bxe4 18. Bxg5 Nfd7 19. Rfc1 Nc5 20. Nxc5 Bxc5 21. Bxe6 Na6 22. Bc4 b6 23. Bxa6 Bxa8 24. Be3 h6 25. Bxc5 bxc5 26. Rxc5 Be4 27. f3 Bg6 28. Rc8+ Kh7 29. Rc7 h5 30. Rxa7 Kh6 31. h4 f5 32. Re7 f4 33. Re6 Kh7 34. Re7 Bf5 35. a3 Kg6 36. b4 Kf6 37. Rae1 g5 38. R7e5 gxh4 39. b5 h3 40. b6 hxg2 41. b7 h4 42. b8Q h3 43. Qh8+ Kg6 44. Re7 h2+ 45. Kxh2 g1Q+ 46. Rxg1+ Bg4 47. Bd3+ Kg5 48. Rxg4# 1-0

[Event "LSS ZN-2022-0-04373"]
[Site "LSS email"]
[Date "2022.01.13"]
[Round "?"]
[White "Simmons, Ernest"]
[Black "Ventura, Bob"]
[Result "1/2-1/2"]
[WhiteElo "488"]
[BlackElo "713"]
[PlyCount "108"]
[EventDate "2022.01.11"]
[EventType "match (corr)"]
[EventRounds "2"]
[EventCountry "GER"]
[SourceTitle "Corr 2024"]
[Source "ChessBase"]
[SourceDate "2023.10.19"]
[SourceVersion "1"]
[SourceVersionDate "2023.10.19"]
[SourceQuality "1"]

1. d4 d5 2. c4 Nc6 3. e3 a6 4. Nf3 h6 5. h3 Nf6 6. c5 Bf5 7. Bd3 e6 8. Bc2 Be7 9. Bxf5 exf5 10. 0-0 0-0 11. Nc3 Nh7 12. a3 b5 13. Qb3 Nf6 14. Qc2 Ne4 15. b4 a5 16. Bb2 a4 17. Nxb5 Re8 18. Nc3 Nxc3 19. Bxc3 Qc8 20. Qd3 Bf6 21. Rfb1 Na7 22. Ra2 c6 23. Qe2 Nb5 24. Bb2 Qe6 25. Bc1 Nc3 26. Qc2 Nxa2 27. Qxa2 Reb8 28. Qd2 Qe4 29. Rb2 Bd8 30. Ne5 Rc8 31. Qd1 Bf6 32. Qe2 Bxe5 33. f3 Qh4 34. dxe5 Re8 35. f4 Qe7 36. Qd3 g6 37. Qd4 Rf8 38. Rc2 f6 39. Bb2 g5 40. Kh2 Rae8 41. Qd1 fxe5 42. Bxe5 Kh7 43. Bd6 Qxe3 44. Bxf8 Rxf8 45. Qf3 Qxf4+ 46. Qxf4 gxf4 47. Re2 Kg6 48. Re6+ Rf6 49. Re1 Kf7 50. Rf1 Re6 51. Rxf4 Kf6 52. Rf3 Re7 53. Kg3 Rg7+ 54. Kf2 Re7 1/2-1/2

[Event "LSS ZN-2021-0-04365"]
[Site "LSS email"]
[Date "2021.12.22"]
[Round "?"]
[White "Simmons, Ernest"]
[Black "Ventura, Bob"]
[Result "0-1"]
[WhiteElo "518"]
[BlackElo "717"]
[PlyCount "40"]
[EventDate "2021.12.10"]
[EventType "match (corr)"]
[EventRounds "2"]
[EventCountry "GER"]
[SourceTitle "Corr 2024"]
[Source "ChessBase"]
[SourceDate "2023.10.19"]
[SourceVersion "1"]
[SourceVersionDate "2023.10.19"]
[SourceQuality "1"]

1. e4 e5 2. Nf3 Nc6 3. Bb5 d6 4. Bxc6+ bxc6 5. 0-0 Nf6 6. d3 h6 7. Nc3 Be7 8. h3 Be6 9. Bd2 Qd7 10. Kh2 Nh7 11. Be3 0-0 12. Qd2 f5 13. a3 f4 14. Qe2 fxe3 15. Qxe3 Bg5 16. Qe2 Bf4+ 17. Kg1 Rf6 18. g4 Bxg4 19. hxg4 Qxg4+ 20. Kh1 Qh3+ 0-1

[Event "LSS ZN-2021-0-04341"]
[Site "LSS email"]
[Date "2021.10.16"]
[Round "?"]
[White "Simmons, Ernest"]
[Black "Newton, Daryl"]
[Result "1-0"]
[WhiteElo "536"]
[BlackElo "401"]
[PlyCount "57"]
[EventDate "2021.10.08"]
[EventType "match (corr)"]
[EventRounds "2"]
[EventCountry "GER"]
[SourceTitle "Corr 2024"]
[Source "ChessBase"]
[SourceDate "2023.10.19"]
[SourceVersion "1"]
[SourceVersionDate "2023.10.19"]
[SourceQuality "1"]

1. d4 Nf6 2. c4 e6 3. Nc3 d5 4. e3 dxc4 5. Bxc4 Bb4 6. Bd2 0-0 7. Nf3 a6 8. 0-0 Ng4 9. h3 Nh6 10. a3 Qf6 11. axb4 Qg6 12. Ra5 b6 13. Ra1 Nc6 14. Nh4 e5 15. Nxg6 hxg6 16. d5 Nxb4 17. Ne4 a5 18. Bc3 Bf5 19. Ng3 Rfd8 20. e4 Bd7 21. Bxe5 Rac8 22. Bc3 Bc6 23. Qd2 Nxd5 24. exd5 Bd7 25. Ba6 Be6 26. Bxc8 Bxc8 27. Qd4 Nf5 28. Nxf5 Bxf5 29. Qxg7# 1-0

[Event "LSS ZN-2021-0-04304"]
[Site "LSS email"]
[Date "2021.07.10"]
[Round "?"]
[White "Tobey, Al"]
[Black "Simmons, Ernest"]
[Result "1-0"]
[WhiteElo "442"]
[BlackElo "416"]
[PlyCount "61"]
[EventDate "2021.06.23"]
[EventType "match (corr)"]
[EventRounds "2"]
[EventCountry "GER"]
[SourceTitle "Corr 2024"]
[Source "ChessBase"]
[SourceDate "2023.10.19"]
[SourceVersion "1"]
[SourceVersionDate "2023.10.19"]
[SourceQuality "1"]

1. e4 c6 2. Nc3 d5 3. e5 e6 4. Nf3 Ne7 5. d4 h6 6. Bd3 Nd7 7. 0-0 c5 8. Bb5 c4 9. b3 Qb6 10. bxc4 dxc4 11. Bxc4 Qc6 12. Qd3 a6 13. Be3 b5 14. Bb3 Nf5 15. Bf4 Bb4 16. Bd2 0-0 17. Qe4 Bb7 18. d5 Qc8 19. Qxb4 Nc5 20. dxe6 Nxe6 21. Nd5 Qd7 22. Nb6 Qd8 23. Nxa8 Bxa8 24. Rfd1 Re8 25. Bxh6 Qe7 26. Qxe7 Rxe7 27. Bxe6 Nxh6 28. Bd5 Bxd5 29. Rxd5 Kh7 30. Rd6 Nf5 31. Rxa6 1-0

[Event "LSS ZN-2021-0-04302"]
[Site "LSS email"]
[Date "2021.06.28"]
[Round "?"]
[White "Newton, Daryl"]
[Black "Simmons, Ernest"]
[Result "0-1"]
[WhiteElo "251"]
[BlackElo "432"]
[PlyCount "126"]
[EventDate "2021.06.20"]
[EventType "match (corr)"]
[EventRounds "2"]
[EventCountry "GER"]
[SourceTitle "Corr 2024"]
[Source "ChessBase"]
[SourceDate "2023.10.19"]
[SourceVersion "1"]
[SourceVersionDate "2023.10.19"]
[SourceQuality "1"]

1. d4 Nf6 2. Nf3 g6 3. Bd2 Bg7 4. e3 d6 5. Nc3 0-0 6. Bd3 Bg4 7. Be2 Bd7 8. e4 Nc6 9. Qc1 Ng4 10. h3 Nf6 11. Bf4 a6 12. h4 Nh5 13. Ng5 Nxf4 14. Qxf4 Nxd4 15. Bd1 Be5 16. Qd2 Ne6 17. h5 Nxg5 18. Qxg5 e6 19. Qh6 Bg7 20. Qe3 Re8 21. Qh3 e5 22. Qh2 Bf6 23. hxg6 Bh4 24. g3 fxg6 25. gxh4 h5 26. Qg3 Kh7 27. Rg1 Rg8 28. Qh2 Kh6 29. f4 Qe7 30. f5 gxf5 31. Bf3 f4 32. 0-0-0 Qf7 33. Rg5 Bg4 34. Bxg4 hxg4 35. Rg1 g3 36. Qh3 Rae8 37. Qg4 Rxg5 38. hxg5+ Kg6 39. Qh4 Qh7 40. Qg4 Rf8 41. Nd5 Qf7 42. Nf6 Rh8 43. Qf5+ Kg7 44. g6 Qxf6 45. Qd7+ Kxg6 46. Qxc7 Rh7 47. Qc4 Qg5 48. Qe6+ Qf6 49. Qg8+ Qg7 50. Qc8 Qh6 51. b3 f3+ 52. Kb2 g2 53. Qd8 Qd2 54. Qe8+ Rf7 55. Qg8+ Rg7 56. Qe6+ Kh7 57. Qf5+ Kg8 58. Qxf3 Qd4+ 59. Kb1 Qxg1+ 60. Kb2 Qd4+ 61. Qc3 Qxc3+ 62. Kxc3 g1Q 63. Kc4 Qd4# 0-1

[Event "LSS ZN-2021-0-04295"]
[Site "LSS email"]
[Date "2021.06.09"]
[Round "?"]
[White "Simmons, Ernest"]
[Black "Tobey, Al"]
[Result "0-1"]
[WhiteElo "432"]
[BlackElo "442"]
[PlyCount "36"]
[EventDate "2021.06.05"]
[EventType "match (corr)"]
[EventRounds "2"]
[EventCountry "GER"]
[SourceTitle "Corr 2024"]
[Source "ChessBase"]
[SourceDate "2023.10.19"]
[SourceVersion "1"]
[SourceVersionDate "2023.10.19"]
[SourceQuality "1"]

1. d4 d5 2. c4 Nf6 3. Nc3 e6 4. e3 Be7 5. a3 0-0 6. Nf3 Nc6 7. c5 b6 8. Bb5 Bb7 9. 0-0 bxc5 10. Re1 a6 11. Be2 Na7 12. dxc5 Bxc5 13. b4 Bd6 14. Nd4 e5 15. Nf3 e4 16. Nd2 Qe7 17. Nb3 Qe5 18. Bb2 Qxh2+ 0-1

[Event "LSS ZN-2021-0-04284"]
[Site "LSS email"]
[Date "2021.04.30"]
[Round "?"]
[White "Newton, Daryl"]
[Black "Simmons, Ernest"]
[Result "0-1"]
[WhiteElo "257"]
[BlackElo "436"]
[PlyCount "72"]
[EventDate "2021.03.31"]
[EventType "match (corr)"]
[EventRounds "2"]
[EventCountry "GER"]
[SourceTitle "Corr 2024"]
[Source "ChessBase"]
[SourceDate "2023.10.19"]
[SourceVersion "1"]
[SourceVersionDate "2023.10.19"]
[SourceQuality "1"]

1. d4 c6 2. Nf3 d5 3. Bf4 Nd7 4. Nc3 a6 5. e3 Ngf6 6. Bd3 g6 7. Ne5 Bg7 8. Na4 0-0 9. Qf3 Qa5+ 10. Nc3 Qb6 11. Rb1 Nh5 12. Bg5 Nhf6 13. e4 Qb4 14. a3 Qd6 15. h4 Nxe5 16. dxe5 Qxe5 17. Qe3 Ng4 18. Qf3 Nf6 19. Qe3 d4 20. Qg3 Qxg3 21. fxg3 dxc3 22. bxc3 Ng4 23. Bxe7 Re8 24. Bd6 Bxc3+ 25. Kf1 Ne3+ 26. Kf2 Ng4+ 27. Kf3 Ne5+ 28. Ke3 Nxd3 29. Kxd3 Bg7 30. g4 Bxg4 31. Rxb7 Rad8 32. Rb4 Rxd6+ 33. Rd4 Rxd4+ 34. Ke3 Rexe4+ 35. Kf2 Rd2+ 36. Kg3 Be5# 0-1

[Event "ZN-2021-0-04282"]
[Site "LSS email"]
[Date "2021.03.26"]
[Round "?"]
[White "Simmons, Ernest"]
[Black "Tobey, Al"]
[Result "1-0"]
[WhiteElo "415"]
[BlackElo "498"]
[PlyCount "34"]
[EventDate "2021.03.12"]
[EventType "match (corr)"]
[EventRounds "2"]
[EventCountry "GER"]
[SourceTitle "Corr 2022"]
[Source "ChessBase"]
[SourceDate "2021.10.24"]
[SourceVersion "1"]
[SourceVersionDate "2021.10.24"]
[SourceQuality "1"]

1. d4 d5 2. c4 Nf6 3. Nc3 e6 4. e3 Nc6 5. Nf3 Bb4 6. Bd2 0-0 7. Be2 Bxc3 8. Bxc3 Ne4 9. Qc1 b6 10. 0-0 Nxc3 11. Qxc3 f6 12. cxd5 Qxd5 13. Bc4 Qa5 14. Qxa5 Nxa5 15. Be2 Nc6 16. Rfc1 Bb7 17. a3 Na5 1-0

[Event "ZN-2021-0-04281"]
[Site "LSS email"]
[Date "2021.03.26"]
[Round "?"]
[White "Tobey, Al"]
[Black "Simmons, Ernest"]
[Result "0-1"]
[WhiteElo "498"]
[BlackElo "415"]
[PlyCount "31"]
[EventDate "2021.03.10"]
[EventType "match (corr)"]
[EventRounds "2"]
[EventCountry "GER"]
[SourceTitle "Corr 2022"]
[Source "ChessBase"]
[SourceDate "2021.10.24"]
[SourceVersion "1"]
[SourceVersionDate "2021.10.24"]
[SourceQuality "1"]

1. e4 e6 2. d4 d5 3. e5 Nc6 4. Nf3 Bd7 5. c3 Nge7 6. Be2 h6 7. 0-0 Nf5 8. g3 g5 9. b4 Be7 10. Bd3 Ng7 11. Bb2 0-0 12. Nbd2 a6 13. a4 Nb8 14. Ne1 Ra7 15. b5 axb5 16. Nc2 0-1

[Event "ZN-2021-0-04276"]
[Site "LSS email"]
[Date "2021.02.27"]
[Round "?"]
[White "Tobey, Al"]
[Black "Simmons, Ernest"]
[Result "0-1"]
[WhiteElo "498"]
[BlackElo "410"]
[PlyCount "100"]
[EventDate "2021.02.08"]
[EventType "match (corr)"]
[EventRounds "2"]
[EventCountry "GER"]
[SourceTitle "Corr 2022"]
[Source "ChessBase"]
[SourceDate "2021.10.24"]
[SourceVersion "1"]
[SourceVersionDate "2021.10.24"]
[SourceQuality "1"]

1. e4 c6 2. Nf3 d5 3. e5 e6 4. d4 Ne7 5. Be2 c5 6. 0-0 c4 7. Nc3 Nbc6 8. Nb5 Nf5 9. b3 a6 10. Nc3 Bb4 11. Na4 0-0 12. bxc4 dxc4 13. c3 Be7 14. Qc2 b5 15. Nc5 h6 16. a4 Bxc5 17. axb5 Bb6 18. bxc6 Qc7 19. Bxc4 Qxc6 20. Bd3 Bc7 21. Be4 Qb6 22. Bxa8 Bd7 23. Be4 Bb5 24. Bd3 Bxd3 25. Qxd3 a5 26. Nd2 Qb7 27. Ne4 Ra8 28. Nc5 Qc8 29. Bf4 g5 30. Bd2 Bb6 31. Na4 Bd8 32. d5 Qc7 33. dxe6 fxe6 34. Rfe1 Qb7 35. Nc5 Qc6 36. Ne4 Kg7 37. c4 a4 38. Bc3 Rb8 39. Qc2 Ra8 40. c5 Be7 41. Bb4 Nd4 42. Qd3 Nb3 43. Red1 Nxa1 44. Qd7 Qxd7 45. Rxd7 Rd8 46. Rxd8 Bxd8 47. Nd6 Nc2 48. Bc3 a3 49. c6 a2 50. Nc4 a1R+ 0-1

[Event "ZN-2021-0-04270"]
[Site "LSS email"]
[Date "2021.01.30"]
[Round "?"]
[White "Tobey, Al"]
[Black "Simmons, Ernest"]
[Result "1-0"]
[WhiteElo "485"]
[BlackElo "439"]
[PlyCount "33"]
[EventDate "2021.01.25"]
[EventType "match (corr)"]
[EventRounds "2"]
[EventCountry "GER"]
[SourceTitle "Corr 2022"]
[Source "ChessBase"]
[SourceDate "2021.10.24"]
[SourceVersion "1"]
[SourceVersionDate "2021.10.24"]
[SourceQuality "1"]

1. e4 c6 2. Nf3 d5 3. e5 e6 4. d4 Ne7 5. Bd3 Qa5+ 6. Bd2 Qc7 7. 0-0 h6 8. Nc3 Qb6 9. Na4 Qd8 10. Nh4 Nd7 11. f4 b6 12. f5 exf5 13. Nc3 Bb7 14. Nxf5 Nxf5 15. Bxf5 Be7 16. e6 fxe6 17. Bg6# 1-0